Quizzes
Events
Quiz Creation
Community
Videos
Private Events
Remove Ads
Sign In
Join for FREE
Feedback
Dark Mode
Quiz Categories
Sports
Geography
Music
Movies
Television
Just For Fun
Miscellaneous
History
Literature
Language
Science
Gaming
Entertainment
Religion
Holiday
For Kids
Quiz Lab
Recent
Popular Today
Quiz Kudos Today
Editor Picks
Curator Picks
Quizzes by...
Day
Popularity
Type
Ratings
Length
Year
Community
Subscriptions
Recent Discussions
Orange Saloon
Badges
Playlists
Quests
Create
Leaderboards
Showdown
Live 5
Trivia Bingo
Activity
Puzzle Library
Sporcle Events
Private Events
Virtual Trivia
Globe League
Become a Host
Pub Owners
SporcleCon
Opinionation
Our Games
Videos
Blog
Mobile Apps
Partnerships
Remove Ads and Go Orange
Feedback
Movies
Disney
Marvel Cinematic Universe
Movie Resume
Movie Titles
Oscar
Actor
Actress
Director
Pixar
Role
Movie Quotes
Movie Characters
Box Office
Nominee
Best Picture
Star Wars
James Bond
Horror Movies
Movies
Disney
Marvel Cinematic Universe
Movie Resume
Movie Titles
Oscar
Actor
Actress
Director
Pixar
Role
Movie Quotes
Movie Characters
Box Office
Nominee
Best Picture
Star Wars
James Bond
Horror Movies
Random Quiz
Search Sporcle
×
Quiz Lab
Quiz Lab
Movies
2010
Type in answers that appear in a list
Type in answers that appear in a list
Classic
Best Score? Go Orange.
2010 movies by tag line Stats
Can you name the 2010 movies by tag line?
By
jlemaitre
7m
30 Questions
508 Plays
508 Plays
508 Plays
Comments
Comments
Give Quiz Kudos
Give Quiz Kudos
-
- Ratings
hide this ad
Random Order
Randomize order of answers
Randomize order of answers
Replay
Link that replays current quiz
Next Quiz
Link to next quiz in quiz playlist
You Got
0%
They Got
Avg Score
20%
Avg Friend Score
Upgrade to see
Score Distribution
Jump to the score distribution portion of the page
Score
0/30
Timer
07:00
0
Plays Today
Poster tag line
% Correct
You don't get to 500 million friends without making a few enemies
The Social Network
74%
Between gods and men, the clash begins
Clash of the Titans
65.2%
Aaron Green has 72 hours to get a rock star from London to LA.Pray for him
Get Him to the Greek
62%
Your mind is the scene of the crime
Inception
54.3%
It ain't ogre....til it's ogre
Shrek Forever After
36.4%
A new breed of superheroes will be revealed
Kick-Ass
35.4%
Welcome to the bank robbery capital of America
The Town
29.3%
Carrie on
Sex and the City 2
27%
You're invited to a very important date 3/
5/
10
Alice in Wonderland
26.8%
One ordinary couple. One little white lie
Date Night
19.9%
Kick Some Past
Hot Tub Time Machine
18.5%
From the director of Pretty Woman comes a day in the life of love
Valentine's Day
16.3%
The Traps Come Alive
Saw 3D
15.9%
A Challenge He Never Imagined. A Teacher He Never Expected
The Karate Kid
15.4%
170,000 SQ miles of desert. 90 minutes of Oxygen. No way out
Buried
14.4%
Poster tag line
% Correct
Fall in love.* Get married. Have a baby. *Not necessarily in that order
The Back-up Plan
13.8%
The great escape
Toy Story 3
13.4%
There is no Plan B
The A-Team
13%
1,000,000 Tons. 100,000 Lives. 100 Minutes
Unstoppable
11.6%
Someone is missing
Shutter Island
8.1%
What would you do with a letter that changed everything?
Dear John
7.3%
Innocence dies. Abby doesn't
Let Me In
7.3%
Let Yourself Go This August
Eat Pray Love
7.1%
Marriage...give it your best shot
Killers
5.3%
The most unexpected comedy ever conceived
The Switch
4.3%
He wasn't a rebel until he found his cause
Youth in Revolt
3.1%
Chief Warrant Officer Roy Miller is done following orders
Green Zone
3.1%
The pursuit begins Spring 2010
The Bounty Hunter
2.2%
It's 1975 and they're about to explode
The Runaways
2%
They're not just living the American dream,they're killing it
The Joneses
1.2%
Quiz Playlist
Details
Report
Send in Message
Add To Playlist
Classic:
Type in answers that appear in a list
Random Order:
Randomize order of answers
Last Updated: Feb 16, 2017
Quiz Scoreboard
CHALLENGE
Sign Up to Join the Scoreboard
Show All
Scores
Hide
Comments
May contain spoilers
Recently Published
TV Characters by Other Roles V
by ghcgh
Television
5m
Decade Duel: World Leaders
by jenniferyan
History
4m
Alphabetical 'K' Countries by Flag Minefield
by ylime102
Geography
3m
More to Explore
Quiz From the Vault
Featured Blog Post
15 Basketball Trivia Facts You Can Be March Mad About
hide this ad
You Might Also Like...
Tags
2010
Poster
tag
Today's Top Quizzes in Movies
Browse Movies
hide this ad
Today's Top Quizzes in 2010
Browse 2010
Top Contributed Quizzes in Movies
1
Pick 6: Harry Potter
2
Pick 6: Movie Franchises
3
Pick 6: Actors
4
Pick 6: Actresses
5
Pick 6: Disney Princesses
6
Movies of the Seasons
7
Match The President To The Fictional Crisis
8
Decade Duel: Best Picture Winner
9
Decade Duel: Disney Animated Movies
10
Seasonal Films
Explore More
Trending Topics
Marvel
Disney
Kpop
Anime
Harry Potter
Crossword
NBA
Country
NFL
Puzzle
Pokémon
The Office
Soccer
Song
WWE
hide this ad
More By:
jlemaitre
Quiz
Plays
Rating
Category
Featured
Created
2010 movies by tag line
508
4.75
Movies
Nov 12, 2010
movie opening lines
388
3.50
Movies
May 23, 2010
Celebrity Couples
297
3.75
Miscellaneous
Nov 25, 2010
2010 so far
250
3.50
History
Sep 3, 2010
singers without vowels
210
4.25
Music
May 22, 2010
Go to Creator's Profile
Score Distribution
Quiz Creator Spotlight
jlemaitre
Follow
Send a Message
Quizzes Created
-
Created Quiz Play Count
-
More By This Creator
Popular Quizzes Today
1
Countries of Asia Without Outlines Minefield
2
Find the US States - No Outlines Minefield
3
Pick 6: Fruits
4
The Countries of the World
5
Alphabetical 'K' Countries by Flag Minefield
6
Find the Countries of Europe - No Outlines Minefield
7
US States
8
Find the US States
More Movies Quizzes
Oscar-Nominated 'B' Films
Published
Trending Quizzes
Pick 6: Mountains
Pick 6: Harry Potter
Pick 6: Flags
Pick 6: NFL Teams
Pick 6: Movie Franchises
Recently Updated
Adaptations: Name the Title
pecheneg
NWSL Teams
pecheneg
Women's Final Four Teams by Year
bhenderson79
Presidents Quartet II
eogle
Anything But Clue(do)
eogle
Anything But Oceanian Capitals
eogle
Anything But 7
eogle
Anything But Thing
eogle
Word Ladder: February 29
pecheneg
Song Title Questions
pecheneg
Trending Topics
Disney
Marvel
Harry Potter
Anime
NBA
Crossword
Kpop
Pokémon
Puzzle
NFL
Soccer
WWE
Country
Song
The Office
Your Account Isn't Verified!
In order to create a playlist on Sporcle, you need to verify the email address you used during registration. Go to your
Sporcle Settings
to finish the process.
Report this User
Report this user for behavior that violates our
Community Guidelines
.
Details:
Send Report
Go to the Sporcle.com Mobile Site →
Comments